000 01737nam0a22004211 4500
001 v19\rc\1921967
005 20251118180821.1
035 _a(NLR Aleph) 005024891
090 _a6628651
_c6628651
100 _a20080404d1912 |||y0rusy50 ca
101 0 _arus
102 _aRU
105 _aa z |||||
135 _acrmn mmmapada
200 1 _aСлавные партизаны 1812 года
_fНик. Жервэ
210 _aМосква
_cТ-во И.Д. Сытина
_d1912
_aСанкт-Петербург
_cКн-во "Сел. вестн."
_d1912
_eМосква
215 _a44 с.
_cил.
_d20
300 _aНа обл.: Н.П. Жервэ
325 _aКопия доступна в Электрон. б-ке РНБ http://vivaldi.nlr.ru/bx000070074/view
532 1 1 _aСлавные партизаны тысяча восемьсот двенадцатого года
700 1 _aЖерве
_bН. П.
_f1871-
_gНиколай Петрович
790 1 _aЖервэ
_bН. П.
_f1871-
801 0 _aRU
_bNLR
_gpsbo
801 0 _aRU
_bRuMoRGB
_2psbo
801 1 _aRU
_bProSoft-M
_2rusmarc
852 _aNLR
_j20.39.9.723
856 0 _uhttp://vivaldi.nlr.ru/bx000070074/view
856 1 _uhttp://vivaldi.nlr.ru/bx000070074/cover
856 2 _uhttp://vivaldi.nlr.ru/bx000070074/text
899 _aRuMoRGB
_jV 49/275
899 _aRuMoRGB
_jU 181/1524
899 _aRuMoRGB
_jΔ 441/121
899 _aБАН
899 _aГПИБ
942 _cBOOK
980 _aNB
981 2 2 _a(22) Материалы по истории России
_b(22) История России до 25 октября (7 ноября) 1917 года
_bОтечественная война 1812 года